• 首页
  • 本馆介绍
  • 公告通知
  • 最新文献
  • 馆藏检索
  • 电子资源
  • 读者导购
  • 参考咨询
  • 我的图书馆
  • 登录
  • 详细信息显示
  • 放入我的书架
  • 预约/预借图书
  • 作者相关作品
  • 分类相关作品
  • 丛书相关作品
  • 出版社相关作品

书目信息

  • 表格格式
  • 工作单格式
  • 卡片格式
题名:
故园恋
    
 
作者: 刘聪 作曲
分册:  
出版信息: 北京   人民音乐出版社  2001
页数: 65页
开本: 30cm
丛书名:
单 册:
中图分类: J642.5 , J647.41
科图分类:
主题词: 艺术歌曲--中国--现代--选集 , 钢琴谱--中国--现代--选集 , CT--S024158--钢琴谱 , CT--S088385--艺术歌曲
电子资源:
ISBN: 7-103-02268-2
000 00940nam0 2200289 45
001 012001095873
005 20070806093814.68
010    @a7-103-02268-2@dCNY10.80
100    @a20011204d2001 em y0chiy0110 ea
101 0  @achi
102    @aCN@b110000
105    @aag z 000yy
106    @ad
200 1  @a故园恋@9gu yuan lian@e刘聪艺术歌曲选集@e钢琴伴奏谱@f[刘聪作曲]
210    @a北京@c人民音乐出版社@d2001@h2002
215    @a65页@c照片@d30cm
330    @a本书收歌曲约20首。其中有:故园恋;思乡夜;我的月亮;请不要说;雪花与雾气;殷红的希冀;那时候,我们正是年轻人等。
517 1  @a刘聪艺术歌曲选集@9liu cong yi shu ge qu xuan ji
606 0  @a艺术歌曲@y中国@z现代@j选集
606 0  @a钢琴谱@y中国@z现代@j选集
606 0  @2CT@3S024158@a钢琴谱
606 0  @2CT@3S088385@a艺术歌曲
690    @aJ642.5@v4
690    @aJ647.41@v4
701  0 @a刘聪@9liu cong@4作曲
801  0 @aCN@bNLC@c20070806
905    @a10447@dJ642.5@e224
    
    故园恋:刘聪艺术歌曲选集:钢琴伴奏谱/[刘聪作曲].-北京:人民音乐出版社,2001(2002)
    65页:照片;30cm
    
    
    ISBN 7-103-02268-2:CNY10.80
    本书收歌曲约20首。其中有:故园恋;思乡夜;我的月亮;请不要说;雪花与雾气;殷红的希冀;那时候,我们正是年轻人等。
●
相关链接 在E读中查询图书 在五车中查询图书 在当当中查询图书 在豆瓣中查询图书


正题名:故园恋     索取号:J642.5/224         预约/预借

序号 登录号 条形码 馆藏地/架位号 状态 备注
1 0807080   208070807   第一样本阅览室/ [索取号:J642.5/224] 在馆    
2 0807081   208070816   第一借阅区/ [索取号:J642.5/224] 在馆    
3 0807082   208070825   第一借阅区/ [索取号:J642.5/224] 在馆    
4 0807083   208070834   第一借阅区/ [索取号:J642.5/224] 在馆    
5 0807084   208070843   密集书库-音乐系/ [索取号:J642.5/224] 在馆    
唐山师范学院图书馆 欢迎您!
大连网信软件有限公司© 版权所有